000 00600nam a2200217 a 4500
999 _c4120
_d4120
001 4120
003 BD-JhCC
005 20171123092610.0
008 171123s1958 Pk a|||| |||| 000 0 eng d
035 _a(BD-JhCC) 4120
040 _aBD-JhCC
_dBD-JhCC
041 _aeng
082 _a954.9042092
_bWAL 1958
100 _aWalton, John
245 _aQUAID- I - AZAM /
_bThe story of Mohammed Ali Jinnah
_cJohn Walton
260 _aPakistan :
_bOxford University press,
_c1958.
300 _a44 p.
_bill. ;
_c18 c.m.
650 _aPolitics and government
_zPakistan
942 _2ddc
_cBK